Kliknij park narodowy w Polsce na mapie - Statystyki

Ogólne statystyki
  • Ten quiz został rozwiązany 88 razy
  • Średni wynik to 18 z 23
Odpowiedzi na mapie
Odpowiedzi zakodowano w zielono-czerwonej skali na mapie do tego quizu, zgodnie z poniższymi procentami.
 
Statystyki odpowiedzi
Odpowiedź % Poprawnych
Tatrzański
90%
Bieszczadzki
88%
Kampinoski
86%
Karkonoski
86%
Świętokrzyski
86%
Słowiński
85%
Białowieski
83%
Ojcowski
83%
Gór Stołowych
82%
Wigierski
79%
Drawieński
75%
Wielkopolski
75%
Woliński
75%
Bory Tucholskie
74%
Pieniński
74%
Biebrzański
72%
Roztoczański
72%
Babiogórski
71%
Ujście Warty
71%
Gorczański
69%
Poleski
68%
Magurski
64%
Narwiański
63%
Nie znaleziono quizów pasujących do podanych kryteriów
Rozkład punktacji
Procent ludzi z każdym wynikiem
Percentyl według liczby udzielonych odpowiedzi
Twoja historia wyników
Nie rozwiązałeś tego quizu